Loading...
| History - American | 0 | 5 | 0 | 1 | 50 | 73 | 93.80 | 0 | 0 |
| Art - Painting/Sculpture | 0 | 4 | 1 | 1 | 35 | 60 | 105.00 | 0 | 2 |
| History - Other | 0 | 4 | 1 | 1 | 35 | 24 | 82.25 | 1 | 2 |
| History - World | 0 | 3 | 0 | 2 | 30 | 99 | 113.33 | 0 | 1 |
| Science - Chemistry | 0 | 3 | 0 | 1 | 30 | 94 | 111.00 | 0 | 0 |
| History - European | 0 | 3 | 0 | 0 | 30 | 76 | 95.00 | 0 | 1 |
| Art - Visual | 0 | 2 | 0 | 2 | 20 | 115 | 126.00 | 0 | 0 |
| Art - Other | 0 | 2 | 0 | 1 | 20 | 101 | 123.50 | 0 | 1 |
| Other Academic/Cross-Category - Any | 0 | 2 | 0 | 0 | 20 | 97 | 120.00 | 0 | 0 |
| Religion - Islam | 0 | 1 | 0 | 1 | 10 | 142 | 142.00 | 0 | 0 |
| Science - Astronomy | 0 | 1 | 0 | 0 | 10 | 72 | 72.00 | 1 | 1 |
| Current Events/Modern World - Mixed/Any | 0 | 1 | 0 | 0 | 10 | 104 | 104.00 | 0 | 0 |
| Current Events/Modern World - Western political | 0 | 1 | 0 | 0 | 10 | 66 | 66.00 | 0 | 1 |
| Mythology - Americas | 0 | 1 | 0 | 0 | 10 | 111 | 111.00 | 0 | 0 |
| Mythology - Egyptian | 0 | 1 | 0 | 0 | 10 | 111 | 111.00 | 0 | 1 |
| Philosophy - Enlightenment | 0 | 1 | 0 | 0 | 10 | 96 | 96.00 | 0 | 0 |
| Religion - Christianity/Judaism | 0 | 1 | 0 | 0 | 10 | 43 | 43.00 | 1 | 1 |
| Religion - Mixed/Any | 0 | 1 | 0 | 1 | 10 | 132 | 132.00 | 0 | 1 |
| Social Science - Anthropology | 0 | 0 | 1 | 0 | -5 | 0.00 | 0 | 0 | |
| Literature - World/Misc poetry | 0 | 0 | 1 | 0 | -5 | 0.00 | 0 | 0 | |
| Religion - Buddhism | 0 | 0 | 1 | 0 | -5 | 0.00 | 0 | 0 | |
| Science - Engineering | 0 | 0 | 1 | 0 | -5 | 0.00 | 0 | 0 | |
| Science - Physics | 0 | 0 | 1 | 0 | -5 | 0.00 | 0 | 0 | |
| Art - Music/Opera | 0 | 0 | 1 | 0 | -5 | 0.00 | 0 | 0 |